Principal component neural networks : theory and applications
Αποθηκεύτηκε σε:
| Κύριος συγγραφέας: | |
|---|---|
| Άλλοι συγγραφείς: | |
| Μορφή: | Βιβλίο |
| Γλώσσα: | English |
| Δημοσίευση: |
New York ; Chichester :
John Wiley & Sons,
c1996.
|
| Σειρά: | Adaptive and learning systems for signal processing, communications, and control
|
| Θέματα: | |
| Ετικέτες: |
Προσθήκη ετικέτας
Δεν υπάρχουν, Καταχωρήστε ετικέτα πρώτοι!
|
MARC
| LEADER | 00000cam a2200000 i 4500 | ||
|---|---|---|---|
| 001 | 1/96041 | ||
| 008 | 000210s1996 gr | ||| |||| ||eng|| | ||
| 020 | |a 0471054364 | ||
| 035 | |l 10055579 | ||
| 040 | |a GR-MyUA |b gre |e AACR2 | ||
| 041 | 0 | |a eng | |
| 082 | 0 | |a 006.3 | |
| 100 | 1 | |a Διαμαντάρας, Κωνσταντίνος Ι. | |
| 245 | 1 | 0 | |a Principal component neural networks : |b theory and applications / |c Konstantinos I. Diamantaras, S. Y. Kung. |
| 260 | |a New York ; Chichester : |b John Wiley & Sons, |c c1996. | ||
| 300 | |a xii, 255 σ. : |b εικ. ; |c 24 εκ. | ||
| 490 | 1 | |a (Adaptive and learning systems for signal processing, communications, and control) | |
| 504 | |a Περιέχει βιβλιογραφικές αναφορές και ευρετήριο. | ||
| 650 | 0 | 0 | |a Neural networks (Computer science) |
| 700 | 1 | |a Kung, Sun Yuan. | |
| 830 | 0 | |a Adaptive and learning systems for signal processing, communications, and control | |
| 852 | |a INST |b SAMOS |e 20000210 |h 006.3 ΔΙΑ |p 005300016333 |q 005300016333 |t BK |y 0 | ||
| 901 | |a BIBL3-2000-1 | ||
| 909 | |a Σ |b 071005 | ||
| 922 | |a 3ΕΛΗ |b 199911 |c ΤΠΕΣ |d ΠΑΠΑΣΩΤΗΡΙΟΥ | ||
| 950 | |a 133-1999-07-20 | ||
| 970 | |a ΓΕΝΟΥΖΟΥ |b ΧΡΥΣΑΝΘΗ |z 2000/02/10 | ||